La Chine pour les touristes... - Statistiques

Statistiques générales
  • Ce quiz a été pris 31 fois
  • Le résultat moyen est 7 sur 20
Statistiques - réponses
Question Indice Réponses % Correct
Quelle est la langue officielle ? Mandarin
100%
Achats à faire 3/ Boisson chaude Thé
83%
Quelles sont les principaux lieux touristiques ? M Grande {Muraille}
77%
Quel est le régime du pays ? R République
70%
Quelle est la monnaie ? Yuan
57%
Combien d'heures (environ) mettrez-vous pour vous y rendre ? (en chiffres) 10
53%
X Armée de terre cuite de {Xi'an}
50%
Dans la capitale quel est le décalage horaire avec Paris ? (+ ou - et chiffre) ex - 10 ou + 3,5 + 6
47%
Quelles sont les principaux lieux touristiques ? P Centre de {Pékin}
43%
Le suffixe internet est cn
40%
Comment se nomme la principale compagnie aérienne locale C S A China Southern Airlines
20%
La religion majoritaire est Taoïsme
17%
Quel est le climat local ? S H Subtropical humide
13%
Le principal aéroport est D Daxing
10%
Quelles sont les principaux lieux touristiques ? G {Guilin}
10%
Achats à faire 2/ Robe traditionnelles appelées Qipao
10%
Achats à faire 1/ Emaux... Cloisonnés
3%
Code sur les plaques minéralogiques PRC
3%
Quelles sont les principaux lieux touristiques ? Y Rizières de {Yuanyang}
3%
Achats à faire 4/ Soieries de Suzhou
3%
Aucun quiz correspondant
Distribution des résultats
% des personnes avec chaque résultat
Percentile par nombre de réponses
Votre historique - résultats
Vous n’avez pas pris ce quiz